00309pab a2200133 454500008004000000100002000040245003300060260000900093300000800102362001000110650001500120650002800135773001200163180718b1999 xxu||||| |||| 00| 0 eng d aKumar, Jitendra aLessons from political chaos c1999 ap.9 a5 May aPresidents aPolitics and government aPioneer